000 00349nam a22001217a 4500
020 _a1420061585
082 _222
_a621.38456
100 _aOthman, Maziliza.
245 _aPrinciples of mobile computing and communications /
260 _aNew Delhi,
_bAuerhach Publications,
_cc2008.
300 _axiii, 266p. ;
_bill, .
_cill. ;
_e23 cm.
942 _2ddc
_cIT
999 _c1121
_d1121